|
|
|
|
| LEADER |
00000nam0a2200000 4500 |
| 001 |
245648 |
| 005 |
20231101232137.0 |
| 010 |
|
|
|a 9785819905753
|
| 010 |
|
|
|a 978-5-16-009317-8
|
| 035 |
|
|
|a (RuTPU)RU\TPU\book\267067
|
| 090 |
|
|
|a 245648
|
| 100 |
|
|
|a 20131114d2014 m y0rusy50 ca
|
| 101 |
0 |
|
|a rus
|
| 102 |
|
|
|a RU
|
| 105 |
|
|
|a y j 001zy
|
| 200 |
1 |
|
|a Банковское дело
|e учебник для вузов
|f Е. Б. Стародубцева
|
| 210 |
|
|
|a Москва
|c Инфра-М
|c Форум
|d 2014
|
| 215 |
|
|
|a 463 с.
|c ил.
|
| 225 |
1 |
|
|a Высшее образование
|
| 320 |
|
|
|a Библиогр.: с. 441-442.
|
| 330 |
|
|
|a В учебнике представлены основные вопросы банковского дела, касающиеся развития банковской системы, функционирования центрального банка, показана его роль в развитии экономики и банковской системы. Особое внимание уделено рассмотрению деятельности коммерческих банков, подробно изложены банковские операции, показаны основы анализа и учета в коммерческом банке, нашли отражение основные аспекты банковского менеджмента и маркетинга. Учебник предназначен для студентов высших учебных заведений, специалистов, бакалавров, магистров, практических работников.
|
| 606 |
1 |
|
|a Банковское дело
|2 stltpush
|3 (RuTPU)RU\TPU\subj\69888
|9 84550
|
| 610 |
1 |
|
|a банки
|
| 610 |
1 |
|
|a банковская деятельность
|
| 610 |
1 |
|
|a банковская система
|
| 610 |
1 |
|
|a центральные банки
|
| 610 |
1 |
|
|a коммерческие банки
|
| 610 |
1 |
|
|a кредитная система
|
| 610 |
1 |
|
|a пассивные операции
|
| 610 |
1 |
|
|a активные операции
|
| 610 |
1 |
|
|a финансовые услуги
|
| 610 |
1 |
|
|a ценные бумаги
|
| 610 |
1 |
|
|a расчетно-кассовое обслуживание
|
| 610 |
1 |
|
|a вексельные операции
|
| 610 |
1 |
|
|a валютные операции
|
| 610 |
1 |
|
|a ликвидность
|
| 610 |
1 |
|
|a банковские риски
|
| 610 |
1 |
|
|a банковский менеджмент
|
| 610 |
1 |
|
|a банковский надзор
|
| 610 |
1 |
|
|a банковский аудит
|
| 610 |
1 |
|
|a учебники
|
| 686 |
|
|
|a У9(2)262.10я73
|v LBC/SL-A
|2 rubbk
|
| 700 |
|
1 |
|a Стародубцева
|b Е. Б.
|g Елена Борисовна
|
| 801 |
|
1 |
|a RU
|b 63413507
|c 20131114
|
| 801 |
|
2 |
|a RU
|b 63413507
|c 20150625
|g RCR
|
| 900 |
|
|
|a Банковское дело
|
| 942 |
|
|
|c BK
|
| 959 |
|
|
|a 147/20131114
|d 2
|e 699,90
|f ЧЗГЛ:1
|f АНЛ:1
|